000
00293nam a2200121Ia 4500
008
231120s2019 xx 000 0 und d
041
_a
eng
082
_a
751.42643
100
_a
WALTRAUD NAWRETIL
245
_a
ABSTRACT NATURE
260
_a
SEARCH PRESS
_b
SEARCH PRESS
_c
2019
300
_a
P-111
999
_c
933420
_d
933420